000 00294nam a22001337a 4500
020 _a817826182-0
082 _a823
_bSCO/I
100 _aSIR WALTER SCOTT
245 _aIVANHOE
260 _aDELHI
_bROHAN BOOK COMPANY
_c2003
300 _a224
650 _aMODERN ILLUSTRATED CLASSICS
942 _cBK
999 _c375
_d375